Southville International School and Colleges
Your cart is empty.
  • Cart
  • Lists
    Public lists Eva Luna New books Lux_list list_1
    Your lists Log in to create your own lists
  • Log in to your account
  • Your cookies
  • Search history
Southville International School and Colleges
  • Advanced search
  • Recent comments
  • Most popular
  • Libraries

Log in to your account

Log in with GOOGLE


If you do not have an external account, but do have a local account, you can still log in:

  1. Home
  2. MARC view: Personality and organizations /
Normal view MARC view ISBD view

Personality and organizations / (Record no. 26021)

[ view plain ]
MARC details
000 -LEADER
fixed length control field 00709nam a22002177a 4500
005 - DATE AND TIME OF LATEST TRANSACTION
control field 20140313100411.0
008 - FIXED-LENGTH DATA ELEMENTS--GENERAL INFORMATION
fixed length control field 140110b xxu||||| |||| 00| 0 eng d
020 ## - INTERNATIONAL STANDARD BOOK NUMBER
International Standard Book Number 9780415650786
050 ## - LIBRARY OF CONGRESS CALL NUMBER
Classification number HF 5548.8
Item number .SC358 2013
245 ## - TITLE STATEMENT
Title Personality and organizations /
Statement of responsibility, etc edited by Benjamin Schneider, D. Brent Smith.
300 ## - PHYSICAL DESCRIPTION
Extent xxiii, 439 p. ;
Dimensions 24 cm.
440 ## - SERIES STATEMENT/ADDED ENTRY--TITLE
Title Series in organization and management.
504 ## - BIBLIOGRAPHY, ETC. NOTE
Bibliography, etc Includes Bibliographic References and Index.
521 ## - TARGET AUDIENCE NOTE
Target audience note
650 ## - SUBJECT ADDED ENTRY--TOPICAL TERM
Topical term or geographic name as entry element Personality and occupation.
650 ## - SUBJECT ADDED ENTRY--TOPICAL TERM
Topical term or geographic name as entry element Organizational behavior.
700 ## - ADDED ENTRY--PERSONAL NAME
Personal name Schneider, Benjamin.
Relator term editor.
700 ## - ADDED ENTRY--PERSONAL NAME
Personal name Smith, D. Brent.
Relator term editor.
942 ## - ADDED ENTRY ELEMENTS (KOHA)
Source of classification or shelving scheme Library of Congress Classification
Koha item type Books
Call number prefix Foreign
Holdings
Withdrawn status Lost status Source of classification or shelving scheme Damaged status Home library Current library Shelving location Date acquired Total Checkouts Full call number Barcode Date last seen Copy number Price effective from Koha item type
Withdrawn   Library of Congress Classification   College Library College Library Reserve Section 01/10/2014   HF 5548.8 .SC358 2013 C17449 01/10/2014 1 01/10/2014 Books

Personality and organizations /

APA

Schneider B., Smith D. B., .Personality and organizations. : .

Chicago

Schneider Benjamin, Smith D Brent, .Personality and organizations. : .

Harvard

Schneider B., Smith D. B., .Personality and organizations. : .

MLA

Schneider Benjamin, Smith D Brent, .: . .

  • Print
  • Cite
  • Add to your cart (remove)
  • Save record
    BIBTEX Dublin Core MARCXML MARC (non-Unicode/MARC-8) MARC (Unicode/UTF-8) MARC (Unicode/UTF-8, Standard) MODS (XML) RIS
  • More searches
    Search for this title in:
    Other Libraries (WorldCat) Other Databases (Google Scholar) Online Stores (Bookfinder.com) Open Library (openlibrary.org)

Exporting to Dublin Core...

SOUTHVILLE LIBRARY

Southville International School and Colleges Library

1281 Tropical Ave. Cor. Luxembourg St., BF Homes International, Las Pinas City

Tel. No. 8256374 / 252358 Loc. 117/146

Powered by Koha